01840nam a2200265Ia 450000500170000000800410001704000700005804100080012808200160013610000370015224200650018924502480025426001000050230000350060250000930063750002580073050501920098850600210118052002560120154600210145765000140147865000220149265000310151465000290154520180124133937.0130821s1521 it a fr 0 lat d aCo-BoUCMbspacSandra Yazo (modificó)dSandra Yazo (modificó)0 alat04a808.8822201 aMarcial, Marco Valeriod43?-104?00aLos catorce libros de los Epigramas de Marco Valerio Marcial10aM. Val. Martialis epigrammaton libri XIIIIbInterpretantibus Domitio Calderino Georgioque Merula. Una cum figuris suis locis appositis. Necnon ornatissima tabula alphabetica: quae omnia scitu digna mire complectitur: nuper addita: numquam alia aVenecia (Italia)bGuilielmum de Fontaneto Montisferati [Guillermo Fontaneto de Monserrat]c1521 a[2], 136 foliosbilustraciones aDatos de publicación tomados del colofón. Nota de desinfección AGN 22 - Ene - 2018 aDetalles físicos: Encuadernación en pergamino en buen estado de conservación, ejemplar antiguo actualmente desencuadernado. Primeras hojas, deterioradas en el borde inferior por uso. Hermosa portada impresa en caracteres góticos, a dos tintas, m0 aComentarios y explicaciones de los humanistas italianos Domicio Calderini, natural de Verona (1446- 1478) y Giorgio Merula (1430-1494), a los catorce libros de los "Epigramas" de Marcial. aConsulta en sala aValerio Marcial llegó a ser muy conocido por sus epigramas, escritos breves y aforísticos que a veces resultaban ser una acerada flecha venenosa contra las reputaciones mejor establecidas de las primeras décadas de Roma (la Roma Augusta) en la e aTexto en latín 7aEpigramas 7aLiteratura Latina 7aLiteratura LatinaySiglo I 7aPoesía latinaySiglo I